000 00488nam a2200193Ia 4500
005 20250923145444.0
008 008 250917s9999 xx 000 0 eng d
037 _aTextual
040 _aDSWL
_beng
_cDSWL
041 _aeng
_2eng
084 _qDSWL
245 0 _aPoverty and Landless in Rural Asia
_c by I.L.O.
260 _aGeneva
_bI.L.O.
_c1977
300 _axi,288 p.
365 _aINR
_b138.6
925 _g138.6
942 _cTEXL
999 _c1451551
_d1451551